[Event "Tourn. n9867"]
[Site "www.echecsemail.com"]
[Date "2018.06.25"]
[Round "1"]
[White "Cvilhena1976"]
[Black "Bojan"]
[WhiteElo "1859"]
[BlackElo "2100"]
[Result "1-0"]
[Round "1"]
1.e4 Nb8c6
2.d4 d5
3.Nb1c3 dxe4
4.d5 Nc6b4
5.a3 Nb4a6
6.Nc3xe4 Bc8f5
7.Ne4g3 Qd8d7
8.Ng3xf5 Qd7xf5
9.Bf1b5 Kd8
10.Ng1f3 f6
11.O-O Na6c5
12.Nf3d4 Qf5c8
13.Nd4e6 { resign }
1-0

[Event "Tourn. n9860"]
[Site "www.echecsemail.com"]
[Date "2018.06.25"]
[Round "1"]
[White "Piekki"]
[Black "Estonia"]
[WhiteElo "2280"]
[BlackElo "2000"]
[Result "1-0"]
[Round "1"]
1.d4 Ng8f6
2.c4 d5
3.cxd5 Nf6xd5
4.e4 Nd5b6
5.Nb1c3 g6
6.Bc1e3 Bf8g7
7.Ng1f3 Bc8g4
8.Bf1e2 Nb8d7
9.e5 c6
10.Qd1d2 Qd8c7
11.Ra1c1 O-O
12.O-O Ra8c8
13.Be3h6 Bg4xf3
14.Be2xf3 Nb6c4
15.Qd2g5 Bg7xh6
16.Qg5xh6 Nc4xb2
17.Nc3e4 f6
18.Bf3g4 Nb2d3
19.Rc1c3 Nd3b4
20.Bg4e6 Kh8
21.Rc3h3 { resign }
1-0

[Event "Match"]
[Site "www.echecsemail.com"]
[Date "2018.06.25"]
[Round "1"]
[White "Tonino1"]
[Black "Gimmyg"]
[WhiteElo "1950"]
[BlackElo "2510"]
[Result "0-1"]
[Round "1"]
1.d4 e6
2.f4 c5
3.e3 Ng8f6
4.Bf1d3 d5
5.c3 Bf8d6
6.Ng1f3 O-O
7.O-O b6
8.Qd1e2 Bc8b7
9.Nf3e5 Nf6e4
10.Nb1d2 f6
11.Ne5g4 f5
12.Ng4e5 Nb8c6
13.Nd2xe4 fxe4
14.Bd3c2 Qd8c8
15.Qe2g4 Rf8f6
16.Bc1d2 cxd4
17.exd4 Nc6xd4
18.Bc2xe4 dxe4
19.cxd4 Bd6xe5
20.fxe5 Rf6g6
21.Qg4h3 e3
22.Bd2xe3 Rg6xg2
23.Qh3xg2 Bb7xg2
24.Kxg2 Qc8c2
25.Rf1f2 Qc2e4
26.Rf2f3 Ra8f8
27.Ra1f1 h5
28.h3 Rf8f5
29.b3 g5
30.Kg3 h4
31.Kg2 g4
32.hxg4 Qe4xg4
 { time }
0-1

[Event "Match"]
[Site "www.echecsemail.com"]
[Date "2018.06.25"]
[Round "1"]
[White "Cal"]
[Black "Guillaumefi"]
[WhiteElo "1620"]
[BlackElo "1710"]
[Result "0-1"]
[Round "1"]
1.c4 c5
2.Nb1c3 g6
3.d3 Bf8g7
4.e4 e6
5.Ng1f3 Nb8c6
6.h3 Nc6d4
7.Bc1e3 Nd4xf3
8.Qd1xf3 Qd8a5
9.Bf1e2 Bg7xc3
10.Kf1 Bc3xb2
11.Ra1d1 Bb2d4
12.Be3xd4 cxd4
13.g4 Ng8e7
14.Kg2 f5
15.exf5 O-O
16.Qf3e4 d5
17.cxd5 Qa5xd5
18.Qe4xd5 Ne7xd5
19.Be2f3 gxf5
20.g5 Nd5f4
21.Kg3 Nf4g6
22.Rh1e1 Ra8b8
23.h4 b6
24.h5 Ng6e7
25.Re1e5 f4
26.Kh4 Bc8b7
27.Re5xe6 Bb7xf3
28.Rd1e1 Ne7f5
29.Kh3 Bf3xh5
30.Re1e4 Bh5f7
31.Re6f6 Bf7g6
32.Re4xf4 Rf8xf6
33.gxf6 Rb8f8
34.Kg4 Rf8xf6
35.Kg5 Kg7
36.a4 h6
37.Kg4 Nf5e3
38.fxe3 Rf6xf4
39.Kxf4 Bg6xd3
40.exd4 Bd3c2
41.a5 bxa5
42.Ke5 a4
43.Ke6 a3
{ resign }
0-1

[Event "Match"]
[Site "www.echecsemail.com"]
[Date "2018.06.25"]
[Round "1"]
[White "Tonino1"]
[Black "Jesmantiz"]
[WhiteElo "2020"]
[BlackElo "2210"]
[Result "1-0"]
[Round "1"]
1.d4 f5
2.f4 d6
3.e3 Ng8f6
4.Bf1d3 g6
5.Ng1f3 Bf8g7
6.O-O O-O
7.Nb1d2 Qd8e8
8.c3 c6
9.Qd1e2 Nf6h5
10.g3 Nb8d7
11.Nf3g5 e5
12.fxe5 h6
13.e6 hxg5
14.exd7 Bc8xd7
15.Nd2f3 g4
16.Nf3e1 d5
17.Ne1g2 Qe8e7
18.Ng2f4 Nh5f6
19.Nf4xg6 Qe7f7
20.Ng6h4 Nf6e4
21.Bd3xe4 dxe4
22.b3 c5
23.Bc1a3 Ra8c8
24.Ba3xc5 Rc8xc5
25.dxc5 Bg7xc3
26.Ra1c1 Bc3e5
27.Rf1f2 Qf7h7
28.Qe2c4 Kh8
29.Qc4d5 Qh7g7
30.Qd5xe5 Kh7
31.Qe5xg7 Kxg7
32.c6 bxc6
33.Rc1c5  { time }
1-0

[Event "Tourn. n9818"]
[Site "www.echecsemail.com"]
[Date "2018.06.25"]
[Round "1"]
[White "Bigrezi"]
[Black "Biggles"]
[WhiteElo "2210"]
[BlackElo "2140"]
[Result "1-0"]
[Round "1"]
1.e4 e6
2.d4 d5
3.exd5 exd5
4.Ng1f3 Nb8c6
5.Bf1b5 Bc8d7
6.O-O Ng8f6
7.Rf1e1 Bf8e7
8.Qd1e2 Bd7e6
9.Nf3e5 O-O
10.Bb5xc6 bxc6
11.Ne5xc6 Qd8e8
12.Nc6xe7 Qe8xe7
13.Nb1c3 h6
14.Bc1f4 c6
15.Qe2a6 Qe7d7
16.Nc3a4 Nf6e4
17.f3 Ne4f6
18.Na4c5 Qd7c8
19.Qa6xc8 Be6xc8
20.c3 Bc8f5
21.Re1e5 Bf5g6
22.Re5e7 Rf8e8
23.Ra1e1 Re8xe7
24.Re1xe7 Bg6b1
25.a4 Nf6e8
26.a5 Ne8f6
27.Re7c7 Bb1a2
28.Rc7xc6 Ra8e8
29.Bf4e5 Nf6h7
30.Rc6c7 Re8a8
31.a6 Nh7f8
32.Rc7b7 Ba2b1
33.Rb7b8 Ra8xb8
34.Be5xb8 Nf8e6
35.Bb8xa7 Ne6c7
36.b4 Bb1f5
37.Ba7b6 Nc7a8
38.Bb6d8 Kf8
39.b5 Ke8
40.b6 Kxd8
41.b7 Na8c7
42.b8Q Bf5c8
43.a7 { resign }
1-0

[Event "Tourn. n9844"]
[Site "www.echecsemail.com"]
[Date "2018.06.25"]
[Round "1"]
[White "Ditto"]
[Black "Cal"]
[WhiteElo "1800"]
[BlackElo "1720"]
[Result "1-0"]
[Round "1"]
1.d4 d5
2.Ng1f3 h6
3.Bc1f4 Ng8f6
4.e3 Nb8c6
5.Bf1b5 Bc8d7
6.Bb5a4 Nc6a5
7.Nb1c3 Na5c4
8.O-O a6
9.a3 Nc4xb2
10.Ba4xd7 Qd8xd7
11.Qd1b1 Nb2c4
12.Qb1xb7 Nc4b6
13.Qb7xc7 Qd7e6
14.Ra1b1 Nf6d7
15.Nf3e5 Ra8c8
16.Qc7a7 g5
17.Bf4g3 Nd7f6
18.Qa7xa6 Rc8c7
19.Rb1xb6 Rc7xc3
20.Rb6xe6 fxe6
21.Qa6a8 { resign }
1-0

[Event "Tourn. n9823"]
[Site "www.echecsemail.com"]
[Date "2018.06.25"]
[Round "1"]
[White "Orhany24"]
[Black "Juheset"]
[WhiteElo "2160"]
[BlackElo "2059"]
[Result "1-0"]
[Round "1"]
1.e4 e6
2.d4 d5
3.exd5 exd5
4.Ng1f3 Bc8f5
5.Bf1d3 Bf5xd3
6.Qd1xd3 Qd8e7
7.Bc1e3 Nb8c6
8.a3 Ng8f6
9.h3 Nf6e4
10.O-O O-O-O
11.Nb1d2 Ne4xd2
12.Nf3xd2 g6
13.b4 Bf8g7
14.Nd2b3 Rh8e8
15.Rf1c1 Qe7e4
16.Qd3b5 Bg7xd4
17.Nb3xd4 Nc6xd4
18.Be3xd4 Qe4xd4
19.a4  { time }
1-0

[Event "Match"]
[Site "www.echecsemail.com"]
[Date "2018.06.25"]
[Round "1"]
[White "Eeze"]
[Black "Falcoale"]
[WhiteElo "1719"]
[BlackElo "1970"]
[Result "0-1"]
[Round "1"]
1.e4 c5
2.c3 Nb8c6
3.Ng1f3 e6
4.Bf1e2 b6
5.d3 Bc8b7
6.O-O d6
7.Bc1g5 f6
8.Bg5h4 g5
9.Bh4g3 h5
10.h3 Bf8e7
11.Qd1b3 g4
12.hxg4 hxg4
13.Nf3h2 Bb7c8
14.Be2xg4 d5
15.exd5 Nc6a5
16.Qb3d1 Na5b7
17.dxe6 Ng8h6
18.Bg4h5 Kf8
19.Rf1e1 Nb7d6
20.c4 Nd6f5
21.Bg3f4 Bc8b7
22.Nb1c3 Qd8d4
23.Bf4xh6 Rh8xh6
24.Bh5f7 Qd4h4
25.f3 Qh4xh2
26.Kf2 Qh2g3
27.Kg1 Rh6h2
28.Nc3e4 Qg3xg2
{ resign }
0-1

[Event "Tourn. n9824"]
[Site "www.echecsemail.com"]
[Date "2018.06.25"]
[Round "1"]
[White "Falcoale"]
[Black "Juheset"]
[WhiteElo "1980"]
[BlackElo "2059"]
[Result "1-0"]
[Round "1"]
1.e4 e6
2.d4 d5
3.exd5 exd5
4.Ng1f3 Nb8c6
5.c3 Bc8f5
6.Bc1f4 Bf8d6
7.Bf4xd6 Qd8xd6
8.Nb1d2 a6
9.Bf1e2 O-O-O
10.O-O Ng8h6
11.b4 b5
12.a4 Nc6a7
13.Nd2b3 c6
14.Nb3c5 Nh6g4
15.axb5 cxb5
16.Ra1xa6 Qd6f4
17.Ra6xa7  { time }
1-0

[Event "Tourn. n9840"]
[Site "www.echecsemail.com"]
[Date "2018.06.25"]
[Round "1"]
[White "Orhany24"]
[Black "Bojan"]
[WhiteElo "2140"]
[BlackElo "2010"]
[Result "1-0"]
[Round "1"]
1.e4 e5
2.Ng1f3 d6
3.d4 exd4
4.Nf3xd4 Bc8d7
5.c4 Qd8f6
6.Nb1c3 c6
7.Bc1e3 a6
8.Bf1e2 Ng8e7
9.O-O Ne7g6
10.Qd1d2 h6
11.f4 Qf6d8
12.Nd4f5 Bd7xf5
13.exf5 Ng6e7
14.g4 f6
15.Ra1d1 Ne7c8
16.Be2f3 Nb8d7
17.Be3f2 Bf8e7
18.c5 dxc5
19.Rf1e1 O-O
20.Qd2xd7 Qd8xd7
21.Rd1xd7 Ra8b8
22.Re1xe7 Nc8xe7
23.Rd7xe7 Rf8d8
24.Bf2xc5 Rd8d3
25.Bf3e2 Rd3d2
26.Be2c4 Kh7
27.Re7e2 Rd2d8
28.Bc5b6 Rd8d7
29.Bc4e6 Rd7d3
30.Kg2 g6
31.fxg6 Kg7
32.f5 Rb8e8
33.h4 Rd3d6
34.h5 Rd6d3
35.a3 Rd3d6
36.a4 Rd6d3
37.a5 Rd3d6
38.Kf3 Rd6d3
39.Kf4 Rd3h3
40.Re2d2 Rh3h1
41.Rd2d7 Kh8
42.Rd7h7 
1-0

[Event "Tourn. n9800"]
[Site "www.echecsemail.com"]
[Date "2018.06.25"]
[Round "1"]
[White "Stepanpech"]
[Black "Aniruddhadg"]
[WhiteElo "2450"]
[BlackElo "2570"]
[Result "1/2-1/2"]
[Round "1"]
1.e4 c6
2.d4 d5
3.Nb1c3 dxe4
4.Nc3xe4 Bc8f5
5.Ne4g3 Bf5g6
6.h4 h6
7.Ng1f3 e6
8.Nf3e5 Bg6h7
9.Bf1d3 Bh7xd3
10.Qd1xd3 Nb8d7
11.f4 Bf8e7
12.Bc1d2 Ng8f6
13.O-O-O O-O
14.Qd3e2 Qd8c7
15.Kb1 Ra8d8
16.Rh1f1 c5
17.f5 cxd4
18.Ne5xf7 d3
19.cxd3 Qc7xg3
20.fxe6 Nd7b6
21.Nf7xd8 Rf8xd8
22.Bd2e1 Qg3g6
{ draw }
1/2-1/2

[Event "Match"]
[Site "www.echecsemail.com"]
[Date "2018.06.25"]
[Round "1"]
[White "Sonny1000"]
[Black "Luke1302"]
[WhiteElo "1540"]
[BlackElo "1300"]
[Result "1-0"]
[Round "1"]
1.e4 e5
2.Ng1f3 Qd8e7
3.Nb1c3 b6
4.Qd1e2 Bc8a6
5.d3 g6
6.Nc3d5 Qe7d6
7.Nf3g5 Ba6b7
8.Qe2f3 c6
9.Ng5xf7 Qd6b4
10.Bc1d2 Qb4d4
11.Nf7xh8 cxd5
12.Qf3f7 Kd8
13.Qf7xf8 Kc7
14.Bd2g5 Ng8e7
15.Bg5xe7 dxe4
16.Qf8d8 Kc6
17.c3 Nb8a6
18.cxd4 Bb7c8
19.d5 Kb7
20.dxe4 Ra8b8
21.Be7d6 { resign }
1-0

[Event "1/128 Finale"]
[Site "www.chess-mail.com"]
[Date "2018.06.25"]
[Round "1"]
[White "Karadayi"]
[Black "Orhany24"]
[WhiteElo "1479"]
[BlackElo "2140"]
[Result "0-1"]
[Round "1"]
1.c4 d5
2.d4 Bc8f5
3.Ng1f3 e6
4.g3 Ng8f6
5.Bc1g5 Bf8e7
6.Bf1g2 O-O
7.O-O Nb8d7
8.c5 c6
9.e3 h6
10.Bg5xf6 Nd7xf6
11.Nb1c3 Nf6d7
12.Nf3d2 e5
13.h3 e4
14.g4 Bf5e6
15.f3 exf3
16.Nd2xf3 f5
 { time }
0-1

[Event "Tourn. n9792"]
[Site "www.chess-mail.com"]
[Date "2018.06.26"]
[Round "1"]
[White "Libiesse"]
[Black "Falcoale"]
[WhiteElo "1880"]
[BlackElo "1900"]
[Result "1-0"]
[Round "1"]
1.d4 Ng8f6
2.c4 b6
3.Ng1f3 Bc8b7
4.Nb1c3 e6
5.Bc1g5 h6
6.Bg5h4 Bf8e7
7.e3 O-O
8.Bf1e2 Rf8e8
9.O-O d5
10.Ra1c1 Nb8d7
11.cxd5 exd5
12.Qd1c2 c6
13.Rf1e1 Qd8c8
14.Bh4g3 Be7b4
15.a3 Bb4xc3
16.Qc2xc3 Nf6e4
17.Qc3c2 Ne4xg3
18.hxg3 Nd7f6
19.Nf3e5 Nf6e4
20.Ne5xc6 Bb7xc6
21.Qc2xc6 Qc8f5
22.Be2f3 Ra8c8
23.Bf3xe4 Qf5xe4
24.Qc6b7 Rc8a8
25.Rc1c7 Qe4f5
26.Re1c1 Qf5e6
27.Rc1c6 Qe6f5
28.Rc6d6 Qf5h5
29.Qb7xd5 Qh5xd5
30.Rd6xd5 a6
31.Rd5d7 Re8f8
32.f4 b5
33.b4 a5
34.Rc7b7 axb4
35.axb4 Ra8a3
36.Rb7xb5 Ra3xe3
37.d5 Re3xg3
38.Rd7e7 Rg3d3
39.Kf2 Rf8a8
40.Ke2 Rd3b3
41.d6 Ra8a2
42.Kf1 Rb3b2
43.Re7e8 Kh7
44.d7 Ra2a1
45.Re8e1 Ra1xe1
46.Kxe1 { resign }
1-0

[Event "Tourn. n9833"]
[Site "www.echecsemail.com"]
[Date "2018.06.26"]
[Round "1"]
[White "Karadayi"]
[Black "Jjmcbride"]
[WhiteElo "1569"]
[BlackElo "1660"]
[Result "0-1"]
[Round "1"]
1.c4 d6
2.Nb1c3 a6
3.e4 Bc8d7
4.d3 h6
5.Ng1f3 c6
6.Qd1b3 Qd8c7
7.Bf1e2 e6
8.O-O Ng8f6
9.Bc1e3 c5
10.Ra1c1 Nf6g4
11.h3 Ng4xe3
 { time }
0-1

[Event "Match"]
[Site "www.echecsemail.com"]
[Date "2018.06.26"]
[Round "1"]
[White "Juheset"]
[Black "Mdesouza"]
[WhiteElo "1809"]
[BlackElo "2310"]
[Result "1-0"]
[Round "1"]
1.Ng1f3 Ng8f6
2.c4 g6
3.e3 Bf8g7
4.Nb1c3 O-O
5.d4 d6
6.b4 c5
7.Ra1b1 cxb4
8.Rb1xb4 Qd8a5
9.Qd1a4 Nb8c6
10.Qa4xa5 Nc6xa5
11.Rb4b2 b6
12.Nc3b5 Bc8f5
13.Bc1d2 Na5c6
14.Nf3h4 Bf5d7
15.Bf1d3 Rf8c8
16.h3 Nc6d8
17.O-O d5
18.Bd2b4 dxc4
19.Bd3e2 Bd7xb5
20.Bb4xe7 Bb5a6
21.Rf1c1 Nd8e6
22.Be7xf6 Bg7xf6
23.Nh4f3 c3
24.Rb2c2 Ba6xe2
25.Rc2xe2 b5
26.a3 a5
27.Re2c2  { time }
1-0

[Event "Match"]
[Site "www.echecsemail.com"]
[Date "2018.06.26"]
[Round "1"]
[White "Ranjachess"]
[Black "Rindrandria"]
[WhiteElo "1850"]
[BlackElo "1750"]
[Result "1-0"]
[Round "1"]
1.Ng1f3 f6
2.Nb1c3 e5
3.a3 Bf8c5
4.d4 exd4
5.Nf3xd4 f5
6.Bc1f4 d6
7.Qd1d3 c6
8.Nd4xf5 Qd8f6
9.Nf5xd6 Bc5xd6
10.Bf4xd6 Bc8e6
11.Bd6xb8 Ra8xb8
12.O-O-O Qf6xf2
13.Qd3d6 Qf2e3
14.Kb1 Rb8d8
15.Qd6xd8 Kf7
16.Rd1d3 Qe3e5
17.Rd3f3 Kg6
18.h3 Kh6
19.g4 g5
20.h4 Be6xg4
21.hxg5 Kg6
22.Rf3f8 Qe5g7
23.Nc3e4 h5
24.gxh6 Qg7h7
25.Qd8d6 Ng8f6
26.Qd6xf6 
1-0

[Event "Match"]
[Site "www.echecsemail.com"]
[Date "2018.06.26"]
[Round "1"]
[White "Stevep84"]
[Black "Karlgrocer"]
[WhiteElo "2250"]
[BlackElo "2010"]
[Result "1-0"]
[Round "1"]
1.e4 c5
2.Ng1f3 d6
3.d4 cxd4
4.Nf3xd4 e6
5.c4 Ng8f6
6.Nb1c3 Bf8e7
7.Bf1e2 O-O
8.O-O a6
9.Bc1e3 Bc8d7
10.f4 e5
11.Nd4c2 Bd7c6
12.f5 Nf6xe4
13.Nc3d5 Bc6xd5
14.cxd5 Ne4f6
15.Rf1f3 Nb8d7
16.Rf3g3 Kh8
17.Be2d3 Nf6xd5
18.Qd1g4 Rf8g8
19.Qg4h3 Nd5f6
20.Ra1d1 Ra8c8
21.b3 Nd7c5
22.Bd3c4 Qd8f8
23.Be3g5 Nc5e4
24.Bg5xf6 Ne4xg3
25.Bf6xe7 Qf8xe7
26.Qh3xg3 b5
27.Bc4d3 f6
28.Nc2b4 a5
29.Nb4d5 Qe7d8
30.Bd3xb5 Rc8c5
31.Bb5c4 Rg8f8
32.Qg3g4 Rc5c8
33.Rd1d3 Rc8b8
34.Qg4g6 Qd8d7
35.Rd3h3 h6
36.Kh1 Qd7f7
37.Nd5f4 Qf7d7
38.Rh3xh6 gxh6
39.Qg6xh6 Qd7h7
40.Nf4g6 { resign }
1-0

[Event "Tourn. n9868"]
[Site "www.echecsemail.com"]
[Date "2018.06.26"]
[Round "1"]
[White "Mitja"]
[Black "Bojan"]
[WhiteElo "2040"]
[BlackElo "2080"]
[Result "0-1"]
[Round "1"]
1.d4 d5
2.e3 c6
3.c3 Qd8c7
4.h3 Bc8f5
5.Bf1d3 Ng8h6
6.Bd3xf5 Nh6xf5
7.Qd1f3 g6
8.b3 Bf8g7
9.Bc1b2 Nb8d7
10.Nb1a3 e5
11.dxe5 Nd7xe5
12.Qf3e2 Nf5h4
13.g3 Nh4f5
14.Ng1f3 O-O-O
15.Nf3xe5 Bg7xe5
16.O-O-O Nf5d6
17.Na3c2 Nd6e4
18.Rd1d3 f5
19.Nc2d4 Rd8d6
20.Rh1g1 Rh8e8
21.Qe2e1 Qc7a5
22.Kb1 c5
23.Nd4f3 Be5f6
24.h4 Rd6a6
25.a4 Qa5b6
26.Nf3d2 Ne4xd2
27.Qe1xd2 Qb6xb3
28.Rg1c1 Re8d8
29.c4 Qb3xb2
30.Qd2xb2 Bf6xb2
31.Kxb2 Ra6xa4
32.Rd3xd5 Rd8xd5
33.cxd5 Ra4b4
34.Ka3 b6
35.Rc1d1 Kd7
36.f3 Kd6
37.f4 a5
38.Rd1d2 b5
39.g4 c4
40.gxf5 gxf5
41.h5 Rb4b3
42.Ka2 Rb3xe3
43.Rd2g2 Kxd5
44.Rg2g7 h6
45.Rg7g6 Re3e6
{ resign }
0-1

[Event "Match"]
[Site "www.echecsemail.com"]
[Date "2018.06.26"]
[Round "1"]
[White "Usmehs"]
[Black "Claymil"]
[WhiteElo "1499"]
[BlackElo "1960"]
[Result "1-0"]
[Round "1"]
1.c4 c5
2.Nb1c3 Nb8c6
3.d3 g6
4.e4 Bf8g7
5.Ng1e2 e6
6.g3 Ng8e7
7.Bf1g2 O-O
8.O-O a6
9.f4 Ra8b8
10.Kh1 b6
11.Ra1b1 Bc8b7
12.a3 Nc6d4
13.Bc1e3 Ne7c6
14.b3 b5
15.cxb5 axb5
16.Be3xd4 cxd4
17.Nc3xb5 d6
18.a4 e5
19.Rf1f2 f6
20.Ne2c1 Bb7a6
21.Nb5a3 Nc6b4
22.Na3c2 Qd8c7
23.Nc2xb4 Rb8xb4
24.Nc1a2 Rb4b7
25.b4 Rb7b6
26.b5 Ba6c8
27.a5 Rb6b8
28.b6 Qc7d7
29.Na2b4 Rb8a8
30.Rf2a2 Bc8a6
31.Nb4xa6 Ra8xa6
32.Qd1b3 Kh8
33.b7 Rf8b8
34.Qb3b5 Qd7xb5
35.Rb1xb5 h5
36.Ra2c2 Kh7
37.Rc2c8 Rb8xb7
38.Rb5xb7 Ra6xa5
39.Bg2f1 Ra5c5
40.Rc8d8 { resign }
1-0

[Event "Tourn. n9865"]
[Site "www.echecsemail.com"]
[Date "2018.06.26"]
[Round "1"]
[White "Mitja"]
[Black "Bojan"]
[WhiteElo "2030"]
[BlackElo "2100"]
[Result "0-1"]
[Round "1"]
1.d4 d5
2.e3 a6
3.c3 Qd8d6
4.h3 c5
5.dxc5 Qd6xc5
6.Ng1f3 Nb8c6
7.Nb1d2 f6
8.Nd2b3 Qc5d6
9.Nb3d4 e5
10.Nd4xc6 Qd6xc6
11.Qd1d2 Bc8e6
12.b3 Bf8d6
13.Bc1b2 Ng8e7
14.Bf1e2 b5
15.Ra1c1 e4
16.Nf3d4 Qc6d7
17.Nd4xe6 Qd7xe6
18.Qd2d4 Ra8d8
19.Qd4b6 O-O
20.a3 Rd8a8
21.b4 Ne7f5
22.g4 Nf5h4
23.Qb6d4 Rf8d8
24.Rc1d1 Bd6c7
25.Qd4d2 Rd8d7
26.Qd2c2 Nh4g2
27.Kf1 Ng2h4
28.Qc2b3 Ra8f8
29.Ke1 Nh4g6
30.Kd2 Qe6c6
31.Kc1 Ng6e5
32.Kb1 Ne5c4
33.Be2xc4 dxc4
34.Qb3c2 Rf8d8
35.Rd1xd7 Rd8xd7
36.Rh1d1 Rd7e7
37.Qc2e2 g5
38.Rd1d2 Qc6e6
39.Qe2d1 f5
40.gxf5 Qe6xf5
41.Qd1h1 h5
42.Qh1g2 Kg7
43.Bb2c1 Kf6
44.Rd2d1 Qf5f3
45.Qg2f1 g4
46.hxg4 Qf3xg4
47.Qf1h1 Bc7e5
48.Kb2 h4
49.Rd1g1 Qg4e2
50.Kb1 Qe2d3
{ resign }
0-1

[Event "Tourn. n9803"]
[Site "www.echecsemail.com"]
[Date "2018.06.26"]
[Round "1"]
[White "Hansen"]
[Black "Rookie"]
[WhiteElo "1500"]
[BlackElo "1320"]
[Result "1-0"]
[Round "1"]
1.e4 e5
2.Bf1c4 Nb8c6
3.Qd1h5 g6
4.Qh5f3 Ng8f6
5.g4 Bf8h6
6.Nb1c3 d6
7.Nc3d5 Nc6d4
8.Nd5xf6 Kf8
9.Qf3d3 Qd8xf6
10.f3 b5
11.Bc4d5 c6
12.Bd5xc6 Nd4xc6
13.Ng1e2 Nc6b4
14.Qd3b3 Nb4c6
15.Rh1f1 Nc6d4
16.Qb3c3 d5
17.Ne2g3 dxe4
18.fxe4  { time }
1-0

[Event "Match"]
[Site "www.echecsemail.com"]
[Date "2018.06.26"]
[Round "1"]
[White "Lug47"]
[Black "Cvilhena1976"]
[WhiteElo "1480"]
[BlackElo "1499"]
[Result "0-1"]
[Round "1"]
1.d4 d5
2.Ng1f3 Nb8c6
3.e3 Ng8f6
4.Bf1d3 Bc8g4
5.O-O e5
6.Rf1e1 e4
7.Bd3b5 exf3
8.e4 dxe4
9.Nb1d2 Qd8xd4
10.c3 Qd4e5
11.Nd2xf3 Qe5xb5
12.h3 Ra8d8
13.Qd1e2 Qb5xe2
14.Re1xe2 Rd8d1
15.Re2e1 Bg4xf3
16.Bc1d2 Rd1xd2
17.Re1d1 Bf3xd1
18.Ra1c1 Bf8c5
{ resign }
0-1

[Event "Match"]
[Site "www.echecsemail.com"]
[Date "2018.06.26"]
[Round "1"]
[White "Roma753"]
[Black "Lug47"]
[WhiteElo "1499"]
[BlackElo "1480"]
[Result "1-0"]
[Round "1"]
1.d4 d5
2.Bc1f4 Nb8c6
3.e3 Ng8f6
4.Ng1f3 e5
5.Nf3xe5 Nc6e7
6.Bf1d3 b6
7.h3 c5
8.c3 cxd4
9.cxd4 h6
10.O-O a5
11.Nb1d2 g5
12.Bf4h2 Bf8g7
13.Bd3b5 Nf6d7
14.Nd2f3 O-O
15.Ra1c1 Bc8a6
16.Bb5xa6 b5
17.Ba6xb5 h5
18.Ne5xd7 Qd8b6
19.Nd7xb6 Ra8b8
20.Bh2xb8 Rf8xb8
21.Nb6xd5 Ne7xd5
22.Bb5c4 Rb8d8
23.Bc4xd5 g4
24.Bd5xf7 Kxf7
25.hxg4 hxg4
26.Qd1b3 { resign }
1-0

[Event "Match"]
[Site "www.echecsemail.com"]
[Date "2018.06.26"]
[Round "1"]
[White "Bojan"]
[Black "Mitja"]
[WhiteElo "2080"]
[BlackElo "2040"]
[Result "0-1"]
[Round "1"]
1.e4 d5
2.exd5 Qd8xd5
3.Nb1c3 Qd5d8
4.Nc3e4 e6
5.d4 c6
6.Ng1f3 h6
7.c3 Ng8f6
8.Bf1d3 Nf6xe4
9.Bd3xe4 Nb8d7
10.Bc1f4 Nd7f6
11.Be4c2 b6
12.Bc2e4 Nf6xe4
13.Nf3e5 Bc8b7
14.Qd1h5 Qd8f6
15.Bf4e3 g6
16.Qh5e2 Ne4d6
17.b3 Bf8g7
18.f3 Qf6e7
19.Ra1d1 Bg7xe5
20.dxe5 Nd6b5
21.Rd1d3 Ra8d8
22.a4 Nb5c7
23.O-O Rd8xd3
24.Qe2xd3 Bb7a6
25.c4 Nc7d5
26.Be3d2 Nd5c7
27.Rf1d1 c5
28.g3 Ba6b7
29.Kf2 a5
30.Bd2f4 g5
31.Bf4c1 Nc7a6
32.Qd3e3 Na6b4
33.Rd1d6 Nb4c6
34.f4 gxf4
35.Qe3xf4 Nc6b4
36.Qf4d2 Nb4c6
37.Rd6d7 Qe7xd7
{ resign }
0-1

[Event "Tourn. n9868"]
[Site "www.echecsemail.com"]
[Date "2018.06.26"]
[Round "1"]
[White "Fantomas"]
[Black "Mitja"]
[WhiteElo "2170"]
[BlackElo "2040"]
[Result "0-1"]
[Round "1"]
1.e4 d5
2.exd5 Qd8xd5
3.Nb1c3 Qd5d8
4.Bf1c4 e6
5.a3 c6
6.Ng1f3 h6
7.d3 Ng8f6
8.Bc1e3 Nb8d7
9.O-O Nd7b6
10.Bc4a2 Bf8d6
11.Qd1e2 Bd6c7
12.Ra1d1 Nb6d5
13.Nc3e4 Nd5xe3
14.Qe2xe3 Nf6xe4
15.dxe4 Qd8e7
16.Qe3c3 O-O
17.Ba2b1 Rf8d8
18.Qc3e3 b6
19.c3 Bc8a6
20.Rf1e1 Rd8xd1
21.Re1xd1 Ra8d8
22.Rd1d2 Rd8xd2
23.Qe3xd2 e5
24.Nf3e1 f6
25.Ne1c2 c5
26.Nc2e3 Ba6b7
27.c4 a6
28.Ne3d5 Bb7xd5
29.exd5 a5
30.Qd2e3 Qe7d7
31.h3 Qd7f7
32.Bb1f5 Qf7h5
33.Qe3d3 Bc7d6
34.g4 Qh5e8
35.Kg2 Qe8e7
36.Kg3 e4
{ resign }
0-1

[Event "Tourn. n9868"]
[Site "www.echecsemail.com"]
[Date "2018.06.26"]
[Round "1"]
[White "Fantomas"]
[Black "J1j6"]
[WhiteElo "2160"]
[BlackElo "2019"]
[Result "0-1"]
[Round "1"]
1.e4 e6
2.Ng1f3 b6
3.d4 Bc8b7
4.Bf1d3 d5
5.e5 c5
6.c3 g6
7.O-O Bf8h6
8.Bc1xh6 Ng8xh6
9.h3 cxd4
10.cxd4 f5
11.Nf3g5 Qd8xg5
12.Qd1a4 Kf8
13.Qa4b4 Kg7
14.Nb1d2 Nb8c6
15.Qb4c3 Rh8c8
16.Nd2f3 Qg5e7
17.Qc3d2 Nc6b4
18.Bd3b1 Bb7a6
19.Rf1e1 Rc8c7
20.a3 Nb4c6
21.Re1c1 Ra8c8
22.Bb1a2 Nc6a5
23.Rc1xc7 Rc8xc7
24.Ra1c1 Rc7xc1
25.Qd2xc1 Ba6e2
26.Nf3e1 Be2c4
27.Ba2b1 Nh6f7
28.Bb1c2 Qe7g5
29.Qc1d1 Na5c6
30.b3 Bc4a6
31.Ne1f3 Qg5e7
32.b4 b5
33.Bc2d3 h5
34.Bd3e2 Kh6
35.Qd1d2 g5
36.Nf3e1 Nc6xe5
37.dxe5 Nf7xe5
38.Qd2d4 Ne5c4
39.Ne1c2 Kg6
40.g4 hxg4
41.hxg4 fxg4
42.Qd4xg4 Nc4e5
43.Qg4h5 Kf6
44.a4 Qe7b7
45.Qh5h8 Kf5
46.Nc2d4 Ke4
47.Nd4xe6 Kf5
48.Ne6c5 Qb7b6
49.Qh8h7 Kf4
50.Qh7h2 Kf5
51.Qh2h3 Kf6
52.Qh3h6 Kf5
53.Qh6xb6 axb6
54.Nc5xa6 bxa4
55.b5 a3
56.Na6b4 Ne5c4
57.Be2f3 d4
58.Kf1 Nc4d2
59.Ke2 Nd2xf3
60.Kxf3 g4
61.Ke2 Ke4
{ resign }
0-1

[Event "Tourn. n9828"]
[Site "www.echecsemail.com"]
[Date "2018.06.26"]
[Round "1"]
[White "Tonino1"]
[Black "Fegatux"]
[WhiteElo "2200"]
[BlackElo "2320"]
[Result "0-1"]
[Round "1"]
1.d4 d5
2.f4 Nb8c6
3.e3 Bc8f5
4.c3 e6
5.Bf1d3 Ng8f6
6.Bd3xf5 exf5
7.Ng1f3 Nf6e4
8.Nb1d2 Qd8d6
9.O-O f6
10.Nf3h4 g6
11.g4 fxg4
12.Qd1xg4 f5
13.Qg4g2 O-O-O
14.Nh4f3 Bf8e7
15.Nf3e5 Nc6xe5
16.fxe5 Qd6e6
17.Nd2xe4 fxe4
18.Bc1d2 g5
19.Rf1f2 g4
20.Ra1f1 Rd8f8
21.Rf2f4 h5
22.Bd2e1 Rf8xf4
23.Rf1xf4 Be7g5
24.Rf4f1 Bg5xe3
25.Kh1 Be3g5
26.Be1g3 Qe6e7
27.Bg3f4 Bg5h4
28.Qg2e2 Qe7e6
29.Qe2e3 Rh8g8
30.Bf4g3 Bh4e7
31.c4 c6
32.c5 h4
33.Bg3f4 g3
34.Rf1g1 Qe6g4
35.Qe3d2 Qg4f3
36.Rg1g2 h3
37.Bf4xg3 hxg2
 { time }
0-1

[Event "Tourn. n9850"]
[Site "www.echecsemail.com"]
[Date "2018.06.26"]
[Round "1"]
[White "Destructor"]
[Black "Seger"]
[WhiteElo "2510"]
[BlackElo "2840"]
[Result "0-1"]
[Round "1"]
1.d4 d5
2.c4 c5
3.cxd5 Qd8xd5
4.Ng1f3 cxd4
5.Nb1c3 Qd5a5
6.Nf3xd4 Ng8f6
7.g3 e5
8.Nd4b3 Qa5c7
9.Bf1g2 Bf8b4
10.Bc1d2 O-O
11.O-O Nb8c6
12.Qd1c1 Bc8g4
13.h3 { time. }
0-1

[Event "Match"]
[Site "www.echecsemail.com"]
[Date "2018.06.26"]
[Round "1"]
[White "Fangshuo"]
[Black "Alekpax"]
[WhiteElo "2160"]
[BlackElo "1499"]
[Result "0-1"]
[Round "1"]
1.e4 e5
2.Ng1f3 Ng8f6
3.Nb1c3 Nb8c6
4.d4 exd4
5.Nf3xd4 Bf8b4
6.Nd4xc6 bxc6
7.Bc1d2 O-O
8.Bf1d3 d5
9.exd5 Rf8e8
10.Nc3e2 Bb4c5
11.O-O cxd5
12.Ne2f4 Ra8b8
13.Ra1b1 Nf6e4
14.Bd3xe4 Re8xe4
15.Nf4d3 Bc5b6
16.Kh1 Qd8d6
17.f4 Bc8f5
18.Qd1h5 g6
19.Qh5h6 Re4e2
20.Bd2c1 Qd6e6
21.b3 Bf5e4
22.Nd3e1 Qe6g4
23.Qh6g5 Re2xe1
{ resign }
0-1

[Event "Tourn. n9871"]
[Site "www.echecsemail.com"]
[Date "2018.06.26"]
[Round "1"]
[White "Fantomas"]
[Black "Bojan"]
[WhiteElo "2170"]
[BlackElo "2080"]
[Result "1-0"]
[Round "1"]
1.e4 e5
2.Ng1f3 d6
3.d4 exd4
4.Nf3xd4 a6
5.Nb1c3 Nb8c6
6.Nd4xc6 bxc6
7.Bf1c4 Bf8e7
8.Qd1f3 Ng8f6
9.h3 Bc8b7
10.Bc1f4 Qd8d7
11.O-O-O h6
12.Rh1e1 O-O-O
13.Bc4xf7 g5
14.Bf7g6 Kb8
15.Bg6f5 Qd7e8
16.Bf4h2 Nf6h5
17.Qf3e3 Be7f6
18.e5 dxe5
19.Rd1xd8 Qe8xd8
20.Bh2xe5 Rh8f8
21.Bf5g4 Nh5g7
22.Nc3a4 Rf8e8
23.Qe3c3 Bf6xe5
24.Re1xe5 Re8f8
25.Bg4f3 Qd8d6
26.Re5e1 Ng7f5
27.Na4c5 Nf5d4
28.Qc3b4 Qd6f4
29.Kb1 Nd4b5
30.Nc5d7 Ka7
31.Qb4c5 Ka8
32.Nd7xf8 Nb5d6
33.Nf8e6 Qf4f6
34.Bf3xc6 Qf6xf2
35.Qc5xf2 { resign }
1-0

[Event "Tourn. n9814"]
[Site "www.echecsemail.com"]
[Date "2018.06.26"]
[Round "1"]
[White "Tartan"]
[Black "Jazzy"]
[WhiteElo "2490"]
[BlackElo "2290"]
[Result "1-0"]
[Round "1"]
1.d4 Ng8f6
2.c4 e6
3.Nb1c3 d5
4.Bc1g5 Bf8e7
5.Ng1f3 O-O
6.e3 h6
7.Bg5h4 Nf6e4
8.Bh4xe7 Qd8xe7
9.Qd1c2 f5
10.Bf1e2 c6
11.Nf3e5 Kh7
12.Be2h5 Rf8f6
13.Nc3xe4 fxe4
14.O-O g6
15.Bh5xg6 Rf6xg6
16.Ne5xg6 Kxg6
17.f3 Qe7g5
18.Ra1e1 e5
19.fxe4 dxe4
20.Qc2xe4 Bc8f5
21.Qe4xe5 Nb8d7
22.Qe5d6 Qg5f6
23.Qd6c7 Qf6e7
24.Qc7g3 Qe7g5
25.e4 Qg5xg3
26.exf5 { resign }
1-0